Science Quiz

Random Science or Elements Quiz

Elements named for astronomical objects Quiz Stats

 Plays Quiz not verified by Sporcle

Challenge
Share
Tweet
Embed
Score 0/10 Timer 04:00
0 Plays Today
Named for Element % Correct
Dwarf PlanetPlutonium
91.7%
PlanetUranium
83.7%
PlanetNeptunium
81.2%
PlanetMercury
79.2%
SunHelium
59.1%
Jupiter's MoonEuropium
49.8%
AsteroidCerium
41.7%
MoonSelenium
33.2%
Planet in Latin Tellurium
19.6%
Asteroid Palladium
16.5%

You're not logged in!

Compare scores with friends on all Sporcle quizzes.
OR
Log In

You Might Also Like...

Show Comments

Extras

Curator's Pick Dec 18, 2011SourceReportNominate
Tags:Astronomy Quiz, Elements Quiz, name, object

Top Quizzes Today


Score Distribution

Your Account Isn't Verified!

In order to create a playlist on Sporcle, you need to verify the email address you used during registration. Go to your Sporcle Settings to finish the process.

Report this User

Report this user for behavior that violates our Community Guidelines.

Details: